Statistics for Geography by Letter on the World Map - J

Click here to take the quiz!

General Stats

  • This quiz has been taken 19,440 times
    (14,026 since last reset)
  • The average score is 11 of 20

Answers on the Map

Answers color-coded by a green-red scale on the quiz's map according to % correct below.
 

Answer Stats

Answer% Correct
Japan
97%
Jordan
96%
Jamaica
94%
Jakarta
93%
Jerusalem
91%
Java
88%
Johannesburg
87%
Jutland
74%
Jacksonville
73%
Juneau
70%
Jersey
65%
Juba
57%
Juarez
38%
Jeju
29%
Jalisco
28%
Jammu and Kashmir
20%
James River
10%
Jharkhand
9%
Juan Fernandez Islands
6%
Jannu
3%

Score Distribution

Percentile by Number Answered

Percent of People with Each Score

Your Score History

You have not taken this quiz since the last reset